فسا نہء آ ز ا د (جلد سو م) حصہ د و م / (Record no. 172986)
[ view plain ]
| 000 -LEADER | |
|---|---|
| fixed length control field | 00623nam a22001937a 4500 |
| 005 - DATE AND TIME OF LATEST TRANSACTION | |
| control field | 20200612145413.0 |
| 010 ## - LCCN (DPL NO) | |
| LC control number | A-279792 |
| 020 ## - INTERNATIONAL STANDARD BOOK NUMBER | |
| Terms of availability | 50.00 |
| International Standard Book Number | - |
| 035 ## - SYSTEM CONTROL NUMBER | |
| System control number | A-279792 |
| 037 ## - SOURCE OF ACQUISITION | |
| Source of stock number/acquisition | BPPD/Ven. |
| 082 ## - DEWEY DECIMAL CLASSIFICATION NUMBER | |
| Classification number | ک |
| 100 ## - MAIN ENTRY--PERSONAL NAME | |
| Personal name | ر تن نا تھ سر شا ر |
| 245 ## - TITLE STATEMENT | |
| Title | فسا نہء آ ز ا د (جلد سو م) حصہ د و م / |
| Statement of responsibility, etc | ر تن نا تھ سر شا ر |
| 246 ## - VARYING FORM OF TITLE | |
| Title proper/short title | Fasana-e-Azad / |
| Remainder of title | by Ratan Nath Sershar |
| 260 ## - PUBLICATION, DISTRIBUTION, ETC. (IMPRINT) | |
| Place of publication, distribution, etc | New Delhi |
| Date of publication, distribution, etc | 1986 ء |
| Name of publisher, distributor, etc | Taraqqui Urdu Bureau |
| 270 ## - ADDRESS | |
| Address | West Block,8,R.K. Puram New delhi |
| City | N.Delhi |
| Postal code | 110066 |
| Telephone number | - |
| 300 ## - PHYSICAL DESCRIPTION | |
| Extent | vp. |
| Dimensions | 22cm(Hb) |
| 942 ## - ADDED ENTRY ELEMENTS (KOHA) | |
| Source of classification or shelving scheme | Dewey Decimal Classification |
| Item type | Urdu Bks |
| Classification part | ک |
| Call number suffix | ر ت ن |
| Withdrawn status | Lost status | Not for loan | Collection code | Home library | Current library | Date acquired | Source of acquisition | Cost, normal purchase price | Full call number | Barcode | Copy number | Cost, replacement price | Koha item type |
|---|---|---|---|---|---|---|---|---|---|---|---|---|---|
| Fiction | Central Library | Central Library | 12/06/2020 | BPPD/Ven. | 50.00 | ک ر ت ن | A-279792 | 1 | 50.00 | Urdu Bks |
